[Event "SLO-chT3 West"]
[Site "Komenda"]
[Date "2019.12.06"]
[Round "1.2"]
[White "Posavec, Zvone"]
[Black "Jese, Janez"]
[Result "0-1"]
[WhiteElo "1348"]
[BlackElo "1726"]
[PlyCount "88"]
[EventDate "2019.12.06"]
[EventType "team-swiss"]
[EventRounds "5"]
[EventCountry "SLO"]
[SourceTitle "EXT 2024"]
[Source "ChessBase"]
[SourceDate "2023.10.10"]
[SourceVersion "1"]
[SourceVersionDate "2023.10.10"]
[SourceQuality "1"]
[WhiteTeam "Menges Trzin"]
[BlackTeam "Visnja Gora Sticna"]
[WhiteTeamCountry "SLO"]
[BlackTeamCountry "SLO"]

1. e4 e5 2. Nf3 Nc6 3. Bb5 a6 4. Ba4 Nf6 5. 0-0 b5 6. Bb3 Be7 7. Re1 0-0 8. c3 d5 9. exd5 Nxd5 10. Nxe5 Nxe5 11. Rxe5 c6 12. Bxd5 cxd5 13. d4 Bd6 14. Re1 Qh4 15. g3 Qh3 16. Qf3 Bg4 17. Qg2 Qh5 18. Be3 Bf3 19. Qf1 f5 20. Nd2 f4 21. Nxf3 fxe3 22. fxe3 Rxf3 23. Qg2 Raf8 24. Rf1 Qg4 25. Rxf3 Qxf3 26. Qxf3 Rxf3 27. Re1 Rf8 28. e4 Re8 29. e5 b4 30. Rc1 bxc3 31. exd6 cxb2 32. Rb1 Rd8 33. Rxb2 Rxd6 34. Rf2 g6 35. Kf1 Rb6 36. Ke2 Kg7 37. Ke3 Re6+ 38. Kd2 h5 39. h4 Rb6 40. Kd3 Rb4 41. Kc3 Ra4 42. Kd3 Ra3+ 43. Ke2 Rxa2+ 44. Kf1 Rxf2+ 0-1

[Event "SLO-chT Central 18th"]
[Site "Slovenia"]
[Date "2017.09.14"]
[Round "1.3"]
[White "Janzelj, Lara"]
[Black "Jese, Janez"]
[Result "1-0"]
[WhiteElo "2164"]
[BlackElo "1861"]
[PlyCount "83"]
[EventDate "2017.09.14"]
[EventType "team-tourn"]
[EventRounds "7"]
[EventCountry "SLO"]
[SourceTitle "EXT 2019"]
[Source "ChessBase"]
[SourceDate "2018.10.10"]
[SourceVersion "1"]
[SourceVersionDate "2018.10.10"]
[SourceQuality "1"]
[WhiteTeam "Ig"]
[BlackTeam "Visnja Gora Sticna"]
[WhiteTeamCountry "SLO"]
[BlackTeamCountry "SLO"]

1. d4 d5 2. c4 dxc4 3. Nf3 Nf6 4. e3 e6 5. Bxc4 c5 6. 0-0 Nc6 7. Qe2 cxd4 8. Rd1 Bc5 9. exd4 Be7 10. Nc3 0-0 11. d5 exd5 12. Nxd5 Nxd5 13. Bxd5 Qc7 14. Qc4 Bf5 15. Nd4 Bd7 16. Nb5 Qc8 17. Bf4 Nb4 18. Qxc8 Bxc8 19. Be4 g5 20. Be3 f5 21. Bf3 Nc2 22. Bd5+ Kg7 23. Rac1 Nxe3 24. fxe3 a6 25. Rc7 Kf6 26. Nc3 Rb8 27. e4 Bd6 28. Rxh7 Kg6 29. Rh3 g4 30. Rhd3 Bc5+ 31. Kh1 f4 32. e5 Rh8 33. Be4+ Bf5 34. h3 f3 35. gxf3 Rxh3+ 36. Kg2 Rbh8 37. Bxf5+ Kxf5 38. fxg4+ Kxg4 39. Rxh3 Rxh3 40. Ne4 Bb6 41. Rd6 Re3 42. Nf2+ 1-0

[Event "Ljubljana-chT 70th 1st League"]
[Site "Ljubljana"]
[Date "2017.01.19"]
[Round "2.1"]
[White "Mlacnik, Janez"]
[Black "Jese, Janez"]
[Result "1/2-1/2"]
[WhiteElo "1868"]
[BlackElo "1802"]
[PlyCount "77"]
[EventDate "2017.01.12"]
[EventType "team-swiss"]
[EventRounds "9"]
[EventCountry "SLO"]
[SourceTitle "EXT 2022"]
[Source "ChessBase"]
[SourceDate "2021.10.06"]
[SourceVersion "1"]
[SourceVersionDate "2021.10.06"]
[SourceQuality "1"]
[WhiteTeam "Ljubljana Karel Jeraj"]
[BlackTeam "Medvode"]
[WhiteTeamCountry "SLO"]
[BlackTeamCountry "SLO"]

1. d4 Nf6 2. Nf3 e6 3. Nbd2 c5 4. e3 Nc6 5. c3 d5 6. Bd3 a6 7. 0-0 Bd6 8. dxc5 Bxc5 9. e4 dxe4 10. Nxe4 Nxe4 11. Bxe4 0-0 12. Qe2 h6 13. Bf4 Qf6 14. Bc7 Qe7 15. Bf4 Bd7 16. Rad1 Rac8 17. b4 e5 18. Bxe5 Nxe5 19. Nxe5 Bb5 20. c4 Bd6 21. cxb5 Qxe5 22. f4 Qe7 23. bxa6 bxa6 24. a3 Qa7+ 25. Qf2 Qc7 26. Qf3 a5 27. bxa5 Bc5+ 28. Kh1 Qxa5 29. Bb1 Qxa3 30. Qe4 g6 31. f5 Rce8 32. Qg4 h5 33. Qg5 Be3 34. Qg3 Bc5 35. Qxa3 Bxa3 36. fxg6 Kg7 37. gxf7 Rxf7 38. Rxf7+ Kxf7 39. Kg1 1/2-1/2

[Event "Ljubljana-chT 69th 1st League"]
[Site "Ljubljana"]
[Date "2016.04.07"]
[Round "9.1"]
[White "Jese, Janez"]
[Black "Novkovic, Stojan"]
[Result "1/2-1/2"]
[WhiteElo "1795"]
[BlackElo "2005"]
[PlyCount "80"]
[EventDate "2016.01.14"]
[EventType "team-tourn"]
[EventRounds "9"]
[EventCountry "SLO"]
[SourceTitle "EXT 2022"]
[Source "ChessBase"]
[SourceDate "2021.10.06"]
[SourceVersion "1"]
[SourceVersionDate "2021.10.06"]
[SourceQuality "1"]
[WhiteTeam "Medvode"]
[BlackTeam "Podpec SD"]
[WhiteTeamCountry "SLO"]
[BlackTeamCountry "SLO"]

1. e4 c5 2. Nf3 Nc6 3. Nc3 e6 4. d4 cxd4 5. Nxd4 a6 6. Be2 Nf6 7. 0-0 d5 8. exd5 Nxd5 9. Nxc6 bxc6 10. Ne4 Qc7 11. c4 Nf4 12. Bf3 Be7 13. Bxf4 Qxf4 14. Nf6+ Kf8 15. Bxc6 Ra7 16. Nd7+ Bxd7 17. Bxd7 g5 18. b3 Qc7 19. Ba4 Bd6 20. Qh5 h6 21. Rfd1 Kg7 22. Rd3 Bc5 23. Rd7 Qf4 24. Qe2 Rxd7 25. Bxd7 Rd8 26. Rd1 Kf8 27. g3 Qxf2+ 28. Qxf2 Bxf2+ 29. Kxf2 Ke7 30. b4 Rxd7 31. Rxd7+ Kxd7 32. g4 f5 33. h3 f4 34. Kf3 Kd6 35. Ke4 Kc6 36. a4 Kb6 37. b5 a5 38. Kd4 e5+ 39. Ke4 Kc5 40. Kf3 Kb6 1/2-1/2

[Event "Ljubljana-chT 69th 1st League"]
[Site "Ljubljana"]
[Date "2016.03.03"]
[Round "5.1"]
[White "Jese, Janez"]
[Black "Skok, Boris"]
[Result "0-1"]
[WhiteElo "1795"]
[BlackElo "1987"]
[PlyCount "116"]
[EventDate "2016.01.14"]
[EventType "team-tourn"]
[EventRounds "9"]
[EventCountry "SLO"]
[SourceTitle "EXT 2022"]
[Source "ChessBase"]
[SourceDate "2021.10.06"]
[SourceVersion "1"]
[SourceVersionDate "2021.10.06"]
[SourceQuality "1"]
[WhiteTeam "Medvode"]
[BlackTeam "Bor Dob"]
[WhiteTeamCountry "SLO"]
[BlackTeamCountry "SLO"]

1. e4 c5 2. Nf3 e6 3. d4 cxd4 4. Nxd4 Nc6 5. Nc3 Qc7 6. Be2 a6 7. 0-0 Nf6 8. Be3 Bb4 9. Na4 Be7 10. Nb6 Rb8 11. Nxc6 bxc6 12. Nxc8 Rxc8 13. Bxa6 Rb8 14. Bd3 Rxb2 15. Bd4 Rb8 16. c4 e5 17. Be3 0-0 18. Qc2 Ng4 19. Bd2 Bc5 20. Be1 Qa7 21. h3 Nf6 22. Bc3 d6 23. Rfb1 Nh5 24. g3 Nxg3 25. Kg2 Nh5 26. Be1 Bd4 27. Rxb8 Rxb8 28. Rb1 Rxb1 29. Qxb1 Nf4+ 30. Kf3 h5 31. Bf1 Qa3+ 32. Qb3 Qc1 33. Qb8+ Kh7 34. Qb4 c5 35. Qa5 h4 36. Kg4 Ng2 37. Qd2 Qxe1 38. Qxe1 Nxe1 39. f3 Bf2 40. f4 Nc2 41. Kf3 Be1 42. Bd3 Nb4 43. Bb1 Nc6 44. f5 Kh6 45. Kg4 Nd4 46. Bd3 g5 47. fxg6 Kxg6 48. Bb1 Nc6 49. Bc2 Bf2 50. Bd3 Be1 51. Bc2 Nb4 52. Bb1 Bg3 53. a3 Nc6 54. Bc2 Na5 55. Bd3 Be1 56. Be2 Nb3 57. Bf1 Kf6 58. Be2 Nd4 0-1

[Event "Ljubljana-chT 69th 1st League"]
[Site "Ljubljana"]
[Date "2016.01.28"]
[Round "3.1"]
[White "Jese, Janez"]
[Black "Peric, Bernard"]
[Result "1/2-1/2"]
[WhiteElo "1795"]
[BlackElo "2087"]
[PlyCount "98"]
[EventDate "2016.01.14"]
[EventType "team-tourn"]
[EventRounds "9"]
[EventCountry "SLO"]
[SourceTitle "EXT 2022"]
[Source "ChessBase"]
[SourceDate "2021.10.06"]
[SourceVersion "1"]
[SourceVersionDate "2021.10.06"]
[SourceQuality "1"]
[WhiteTeam "Medvode"]
[BlackTeam "Zagorje ob Savi"]
[WhiteTeamCountry "SLO"]
[BlackTeamCountry "SLO"]

1. e4 c5 2. Nf3 a6 3. d4 cxd4 4. Nxd4 Nf6 5. Nc3 e5 6. Nf3 Bb4 7. Bd2 0-0 8. Bd3 d5 9. Nxd5 Bxd2+ 10. Nxd2 Nxd5 11. exd5 Qxd5 12. Ne4 f5 13. Nd6 Be6 14. Bc4 Qa5+ 15. Qd2 Qxd2+ 16. Kxd2 Bxc4 17. Nxc4 Nc6 18. c3 Rfd8+ 19. Ke2 Rac8 20. Nb6 Rc7 21. Rhd1 Kf8 22. Rxd8+ Nxd8 23. Rd1 Ke8 24. h4 Ne6 25. g3 g6 26. Nd5 Rf7 27. Ne3 Rd7 28. Nc4 e4 29. h5 Rxd1 30. Kxd1 Ke7 31. hxg6 hxg6 32. Ke2 Nc5 33. b4 Na4 34. Kd2 Ke6 35. Na5 b6 36. Nc6 Kd6 37. Nd4 Kd5 38. Nc2 b5 39. Ne3+ Ke5 40. c4 Nb2 41. Kc3 Nxc4 42. Nxc4+ bxc4 43. Kxc4 g5 44. a4 f4 45. b5 axb5+ 46. axb5 e3 47. gxf4+ gxf4 48. fxe3 fxe3 49. Kd3 Kd5 1/2-1/2

[Event "SLO-chT3 West"]
[Site "Postojna"]
[Date "2013.11.23"]
[Round "3"]
[White "Jese, Janez"]
[Black "Erazem, Franc"]
[Result "1/2-1/2"]
[WhiteElo "1862"]
[BlackElo "1626"]
[PlyCount "111"]
[EventDate "2013.11.22"]
[EventType "team"]
[EventRounds "5"]
[EventCountry "SLO"]
[SourceTitle "EXT 2015"]
[Source "ChessBase"]
[SourceDate "2014.11.20"]
[SourceVersion "1"]
[SourceVersionDate "2014.11.20"]
[SourceQuality "1"]

1. e4 c5 2. Nf3 Nc6 3. Nc3 a6 4. d4 cxd4 5. Nxd4 d6 6. Be3 g6 7. Qd2 Bg7 8. f3 Bd7 9. g4 Ne5 10. h3 b5 11. b3 Rc8 12. f4 Nc6 13. Nce2 Nf6 14. Bg2 e5 15. Nxc6 Bxc6 16. Ng3 exf4 17. Bxf4 Nxe4 18. Nxe4 Bxe4 19. 0-0 Bxa1 20. Bxe4 Be5 21. Bh6 Qh4 22. Rf3 Bc3 23. Qe3 Qe7 24. Qb6 Kd7 25. Bd5 f6 26. Be3 h5 27. Qxa6 hxg4 28. Qxb5+ Kd8 29. Bb6+ Rc7 30. Re3 Be5 31. hxg4 f5 32. Qa4 Qd7 33. Qa8+ Qc8 34. Qxc8+ Kxc8 35. Rxe5 dxe5 36. Be6+ Kb7 37. Bxc7 Kxc7 38. gxf5 gxf5 39. Bxf5 Kd6 40. a4 Kc5 41. Bd3 Kd4 42. Kf2 Rh2+ 43. Kg3 Rd2 44. a5 e4 45. Bc4 Rxc2 46. a6 Ra2 47. Kf4 e3 48. Kf3 Rb2 49. a7 Ra2 50. a8Q Rxa8 51. Ke2 Rh8 52. Ke1 Rh2 53. Kf1 Kc3 54. Ke1 Rb2 55. Kd1 Rh2 56. Ke1 1/2-1/2

[Event "Ljubljana-chT 66th Superliga"]
[Site "Ljubljana"]
[Date "2013.02.14"]
[Round "5.3"]
[White "Borstnik, Ales"]
[Black "Jese, Janez"]
[Result "1-0"]
[WhiteElo "1705"]
[BlackElo "1890"]
[PlyCount "65"]
[EventDate "2013.01.10"]
[EventType "team-tourn"]
[EventRounds "9"]
[EventCountry "SLO"]
[SourceTitle "EXT 2022"]
[Source "ChessBase"]
[SourceDate "2021.10.06"]
[SourceVersion "1"]
[SourceVersionDate "2021.10.06"]
[SourceQuality "1"]
[WhiteTeam "Podpec"]
[BlackTeam "Visnja Gora Sticna"]
[WhiteTeamCountry "SLO"]
[BlackTeamCountry "SLO"]

1. e4 e5 2. Nf3 Nc6 3. Bc4 Nf6 4. Ng5 d5 5. exd5 Na5 6. Bb5+ c6 7. dxc6 bxc6 8. Qf3 Rb8 9. Bxc6+ Nxc6 10. Qxc6+ Nd7 11. d3 h6 12. Ne4 Rb6 13. Qa4 f5 14. Ng3 Bc5 15. c3 0-0 16. b4 Bd6 17. 0-0 Nf6 18. Qd1 e4 19. dxe4 f4 20. Nf5 Nxe4 21. Qd5+ Kh8 22. Nxd6 Nxd6 23. f3 Qh4 24. Bd2 Rf5 25. Qd4 Ba6 26. Re1 Bc4 27. Re5 Rf8 28. Na3 Ba6 29. c4 Rbb8 30. b5 Bb7 31. Qxd6 Rbd8 32. Qb4 Rf6 33. Be1 1-0

[Event "SLO-chT Central Superliga 11th"]
[Site "Slovenia"]
[Date "2010.10.21"]
[Round "6.4"]
[White "Jese, Janez"]
[Black "Piber, Vinko"]
[Result "1/2-1/2"]
[WhiteElo "1744"]
[BlackElo "1862"]
[PlyCount "97"]
[EventDate "2010.09.09"]
[EventType "team-tourn"]
[EventRounds "9"]
[EventCountry "SLO"]
[SourceTitle "EXT 2022"]
[Source "ChessBase"]
[SourceDate "2021.10.06"]
[SourceVersion "1"]
[SourceVersionDate "2021.10.06"]
[SourceQuality "1"]
[WhiteTeam "Visnja Gora Sticna"]
[BlackTeam "Domzale SD"]
[WhiteTeamCountry "SLO"]
[BlackTeamCountry "SLO"]

1. e4 e5 2. Nf3 Nc6 3. d4 exd4 4. c3 dxc3 5. Nxc3 d6 6. Bc4 Be6 7. Bxe6 fxe6 8. Qb3 Qc8 9. Ng5 Nd8 10. f4 g6 11. Nf3 Be7 12. 0-0 c5 13. Be3 Qc6 14. Rac1 Nf6 15. e5 Ng4 16. Bd2 c4 17. Qb5 d5 18. b4 cxb3 19. Nxd5 Qxb5 20. Nc7+ Kd7 21. Nxb5 b6 22. Rc7+ Ke8 23. h3 Bc5+ 24. Rxc5 bxc5 25. Nc7+ Kd7 26. Nxa8 Nc6 27. hxg4 bxa2 28. Be3 Rb8 29. Rd1+ Kc8 30. Nd2 c4 31. Ra1 c3 32. Rxa2 cxd2 33. Rxd2 Rxa8 34. Rd6 Nd8 35. f5 exf5 36. gxf5 Nf7 37. Rxg6 Nxe5 38. Rg7 a5 39. Rg8+ Kb7 40. Rxa8 Kxa8 41. Bh6 Kb7 42. Bg7 Nf7 43. Kf2 Kc6 44. Ke3 Kd5 45. Kd3 a4 46. g4 a3 47. Bc3 a2 48. Kc2 Ke4 49. Kb2 1/2-1/2

[Event "Ljubljana-chT 63rd 1st League"]
[Site "Ljubljana"]
[Date "2010.01.07"]
[Round "1.2"]
[White "Rihtar, Saso"]
[Black "Jese, Janez"]
[Result "1-0"]
[WhiteElo "1931"]
[BlackElo "1750"]
[PlyCount "73"]
[EventDate "2010.01.07"]
[EventType "team-tourn"]
[EventRounds "9"]
[EventCountry "SLO"]
[SourceTitle "EXT 2022"]
[Source "ChessBase"]
[SourceDate "2021.10.06"]
[SourceVersion "1"]
[SourceVersionDate "2021.10.06"]
[SourceQuality "1"]

1. d4 Nf6 2. c4 e5 3. d5 Bc5 4. Nc3 d6 5. Nf3 Ng4 6. e3 f5 7. Bd2 f4 8. h3 fxe3 9. hxg4 exd2+ 10. Nxd2 a6 11. Bd3 h6 12. Bg6+ Ke7 13. Nde4 Bd4 14. Qd2 Bxg4 15. Rh4 Bxc3 16. bxc3 Qd7 17. Ng3 Kf6 18. Qd3 Kg5 19. Ne4+ Kxg6 20. Qg3 Rf8 21. Rxg4+ Kh7 22. Qh4 Qf5 23. Ng5+ Kg8 24. Ne6 Rf7 25. f3 Qd3 26. Qd8+ Kh7 27. Nf8+ Rxf8 28. Qxf8 Qxc3+ 29. Kf2 e4 30. Rh1 Qd4+ 31. Kg3 Qe5+ 32. Kh3 e3 33. Re1 h5 34. Re4 Qf6 35. Qxf6 gxf6 36. Re7+ Kg6 37. Rxc7 1-0